| 000 | 00940nam a22003255a 4500 | ||
|---|---|---|---|
| 001 | 003084 | ||
| 003 | armpunfd | ||
| 005 | 20150622144345.0 | ||
| 008 | 141020s2008####sp############000#0#und#d | ||
| 020 | _a9788474269505 | ||
| 080 | _a340 D 444 | ||
| 245 | 1 | 0 |
_aEl Derecho ante la Biotecnologia : _bEstudios sobre la nueva Legislación española en Biomedicina / |
| 260 |
_aBarcelona : _bIcaria, _c2008. |
||
| 300 | _a307 P. | ||
| 650 | 7 |
_aBioetica _2LEMB |
|
| 650 | 7 |
_aBiotecnologia _2LEMB |
|
| 650 | 7 |
_aGenetica _2LEMB |
|
| 651 | _2LEMB | ||
| 700 | 1 | _aBarcellona, Pietro. | |
| 700 | 1 | _aMendez Baiges, Victor. | |
| 700 | 1 | _aParde Esteve, Jose. | |
| 700 | 1 | _aPuigpelat Marti, Francesca. | |
| 700 | 1 | _aRodota, Stefano. | |
| 700 | 1 | _aRomeo Casabona, Carlos Maria. | |
| 700 | 1 | _aSieira Cierco, Cesar. | |
| 700 | 1 | _aSilveira Gorski, Hector. | |
| 700 | 1 | _aTur Ausina, Rosario. | |
| 945 |
_acd _d2014-10-20 |
||
| 999 |
_c3436 _d233940 |
||